| 000 | 01192cam a22003495i 4500 | ||
|---|---|---|---|
| 001 | 4454972 | ||
| 003 | EG-ScBUE | ||
| 005 | 20250702085038.0 | ||
| 008 | 961030t1997 flua f d 001 0 eng d | ||
| 020 | _a0030058899 | ||
| 020 | _a9780030058899 | ||
| 040 |
_aEG-ScBUE _beng _erda _cEG-ScBUE _dEG-ScBUE |
||
| 082 | 0 | 4 |
_222 _a540 _bMAS |
| 100 | 1 |
_aMasterton, William L., _d1927-2005, _eauthor. |
|
| 245 | 1 | 0 |
_aChemistry : _bprinciples & reactions : a core text / _cWilliam L. Masterton, University of Connectitut, Cecile N. Hurley, University of Connectitut. |
| 250 | _aThird edition. | ||
| 264 | 1 |
_aOrlando, Florida : _bSaunders College Publisher, _c[1997] |
|
| 264 | 4 | _cc1997 | |
| 300 |
_a1 volume (various pagings) : _bcolor illustrations ; _c27 cm. |
||
| 336 |
_2rdacontent _atext _btxt |
||
| 337 |
_aunmediated _2rdamedia _bn |
||
| 338 |
_avolume _bnc _2rdacarrier |
||
| 490 | 0 | _aSaunders golden sunburst series | |
| 500 | _aIncludes index. | ||
| 500 | _aIncludes glossary. | ||
| 500 | _aIncludes Appendices. | ||
| 650 | 7 |
_aChemistry. _2BUEsh _94328 |
|
| 653 |
_bGGEN _bENGCHE _cMarch2018 |
||
| 655 | _vReading book | ||
| 700 | 1 |
_aHurley, Cecile N., _eauthor. |
|
| 942 |
_2ddc _cBB |
||
| 999 |
_c26354 _d26326 |
||